000 01564nam a22002657a 4500
003 OSt
005 20260306081553.0
008 260224b |||||||| |||| 00| 0 eng d
020 _a9582806435
037 _bDonación
040 _aCO-JMCR
_bspa
_cCO-JMCR
_dCO-JMCR
_erda
041 _aspa
082 0 _a133
_bEb16p
100 0 _aEbon, Martín ,
_d1917 - 2006
_944537
245 1 _aLos poderes psíquicos de la Pirámide :
_bclaves de la energía perdida y mejora de la salud humana/
250 _aPrimera edición /
260 _aBarcelona :
_bPrinter Latinoamericanda LTDA ,
_c1992.
300 _a234 páginas :
_bEsquema ;
_c21 cm.
490 0 _aCirculo de lectores ;
520 3 _aFueron construidas las pirámides de Egipto por seres extraterrestres que visitaron nuestro mundo, ¿o por mandato de los antiguos faraones? ¿Vio realmente Napoleón su futuro en la Cámara del Rey de la Gran Pirámide? ¿Pueden las maquetas a escala de las pirámides, construidas con plástico o cartón, conservar los alimentos, afilar las hojas de afeitar y mejorar la salud humana? Este libro explica toda la historia de las pirámides, desde el descubrimiento de esas antiguas construcciones hasta la maldición de la tumba del faraón; desde los hallazgos realizados tras la Cortina de Hierro hasta los modernos experimentos para determinar la naturaleza y dimensión exacta de este excitante fenómeno, recién descubierto.
521 3 _aAdultos
650 _aPirámides
_944538
_2extraterretres
650 _aRelajación
_944539
_2Salud
942 _2ddc
_cBK
999 _c31153
_d17537